Catolicismo y comunismo en Costa Rica (1931-1940)
保存先:
| 第一著者: | |
|---|---|
| フォーマット: | テキスト |
| 主題: | |
| タグ: |
タグ追加
タグなし, このレコードへの初めてのタグを付けませんか!
|
MARC
| LEADER | 00000 a a2200000 04500 | ||
|---|---|---|---|
| 001 | 34167 | ||
| 003 | |||
| 040 | |||
| 090 | |a 0003 M722c | ||
| 100 | |a Molina Jiménez, Iván | ||
| 245 | |a Catolicismo y comunismo en Costa Rica (1931-1940) | ||
| 300 | |a 172 p. |b il. | ||
| 650 | |a COMUNISMO | ||
| 650 | |a IGLESIA CATOLICA | ||
| 650 | |a HISTORIA SOCIAL | ||
| 650 | |a COSTA RICA | ||
| 999 | |c 14787 |d 14787 | ||
